| 000 | 00717nam a22001815i 4500 | ||
|---|---|---|---|
| 001 | 173939 | ||
| 003 | ES-MaACL | ||
| 005 | 20250902093529.0 | ||
| 008 | 100201s1884 sp |||| | spa d | ||
| 080 | _a061.235(460.313 V.).068 | ||
| 245 | 0 | 0 | _aPremios que la Real Sociedad Económica de Amigos del País de Valencia ofrece para el certamen público de 8 de diciembre de 1885. |
| 260 |
_aValencia : _b[s.n.], _c1884 ( _fImp. de Nicasio Rius Monfort) |
||
| 300 |
_a7 p. ; _c23 cm. |
||
| 610 | 1 | 4 |
_aReal Sociedad Económica de Amigos del País de Valencia- _xPremios. _9141783 |
| 710 | 2 |
_aReal Sociedad Económica de Amigos del País de Valencia _9141784 |
|
| 852 |
_aES-MaACL _jT-380-F-4 |
||
| 999 |
_c173939 _d173939 |
||